Top 10 Countries at the Paris 2024 Olympics by medal - Statistics

General Stats
  • This quiz has been taken 44 times
  • The average score is 9 of 10
Answer Stats
Gold Silver Bronze Total Country % Correct
40 27 24 91 China
100%
20 12 13 45 Japan
100%
40 44 42 126 United States
100%
16 26 22 64 France
95%
18 19 16 53 Australia
93%
12 13 8 33 Germany
93%
14 22 29 65 Great Britain
93%
12 13 15 40 Italy
89%
13 9 10 32 South Korea
89%
15 7 12 34 Netherlands
73%
No matching quizzes found
Score Distribution
Percent of People with Each Score
Percentile by Number Answered
Your Score History
You have not taken this quiz